Datum a čas kvízu
16
Celkem bodů
Celkový počet nahraných bodů na tomto kvízu bez doplňovacích otázek.
9.
Pořadí na kvízu
Konečné umístění týmu na tomto kvízu.
Zaznamenané odpovědi
| # | Otázka | Odpověď | Body | Výsledky |
|---|---|---|---|---|
| 1. | Minulý týden bylo oznámeno, že... | kněz | 1 | |
| 2. | Policie v Nashvillu v americké... | C) hrál v pornografickém filmu | 1 | |
| 3. | Jak se jmenuje či jak si říká... | Martin Mikyska / Mikýř | 0 | |
| 4. | Americký výrobce čipů prezentu... | Nvidia | 0 | |
| 5. | Naše talentovaná 24letá reprez... | plavání | 1 | |
| 6. | Jak se nazývá specializované o... | A | 0 | |
| 7. | Jak se jmenuje ovoce na obrázk... | papája | 0 | |
| 8. | Nyní nás bude zajímat čínský a... | kiwi | 0 | |
| 9. | Vypište z následující řady dva... | jackfruit, rambutan | 0 | |
| 10. | Níže jsou názvy tří odrůd jabl... | C | 1 |